Loading...
| Fine Arts - Classical Music | 6 | 13.33 | 3,483% | 300% | 450% |
| Fine Arts - Other | 4 | 15.00 | 5,650% | 425% | 225% |
| Fine Arts - Painting & Sculpture | 4 | 20.00 | 4,050% | 650% | 625% |
| History - American | 4 | 10.00 | 2,025% | 425% | 225% |
| History - European | 2 | 25.00 | 7,250% | 850% | 450% |
| History - Other | 5 | 20.00 | 3,240% | 680% | 700% |
| History - World | 5 | 14.00 | 7,760% | 340% | 0% |
| Literature - American | 7 | 18.57 | 4,143% | 357% | 729% |
| Literature - British | 7 | 12.86 | 2,986% | 486% | 257% |
| Literature - European | 7 | 18.57 | 5,971% | 500% | 357% |
| Literature - World | 6 | 15.00 | 4,833% | 283% | 433% |
| Mythology | 5 | 20.00 | 5,800% | 340% | 700% |
| Other | 5 | 14.00 | 3,240% | 520% | 340% |
| Philosophy | 4 | 7.50 | 2,025% | 0% | 450% |
| Religion | 2 | 15.00 | 0% | 850% | 400% |
| Science - Biology | 4 | 12.50 | 5,650% | 0% | 450% |
| Science - Chemistry | 3 | 23.33 | 7,533% | 867% | 267% |
| Science - Other | 6 | 11.67 | 2,700% | 133% | 583% |
| Science - Physics | 4 | 12.50 | 5,650% | 225% | 225% |
| Social Science | 5 | 16.00 | 6,480% | 520% | 180% |